Deutschlands Nachbarn – Sudden death - Statistiken

Allgemein
  • Dieses Quiz wurde 215 mal gespielt
  • Das Durchschnittsergebnis liegt bei 9 aus 9
Answers on the Grid
Answers color-coded by a green-red scale on the quiz's grid according to % correct below.
Polen
Litauen
Russland
Belgien
Luxemburg
Schweden
Dänemark
Österreich
Tschechische Republik
Slowakei
Schweiz
Frankreich
Monaco
Niederlande
Slowenien
 
Antwortstatistiken
Antwort % Korrekt
Polen
100%
Dänemark
99%
Belgien
97%
Luxemburg
97%
Österreich
97%
Schweiz
97%
Frankreich
96%
Tschechische Republik
95%
Niederlande
93%
Keine übereinstimmenden Quizze gefunden
Verteilung der Resultate
Anzahl Personen mit jedem Resultat
Perzentil nach korrekt beantworteten Fragen
Ihre Resultats-Entwicklung
Sie haben dieses Quiz noch nicht gespielt